000 00354nam a2200145Ia 4500
008 230917s9999||||xx |||||||||||||| ||und||
040 _e144919
_aMAIN
041 _aEnglish
082 _a658.4092 R79C
100 _aRowe, W. Glenn
245 0 _aCases in leadership
260 _aNew Delhi
_bSage Publications
_c2007
300 _a420p p.
942 _cBK
999 _c147054
_d147054